00654cam a22001577a 4500008004000000082002500040100001900065245010200084260006300186300001000249500007200259650002200331650002600353999001900379952009800398180718b2006 xxu||||| |||| 00| 0 eng d aAPPPA 2005-06 NIG/32 aNigam, Archana aThe fiscal responsibility and budget management act 2003: issues and challengescby Archana Nigam aNew DelhibIndian Institute of Public Administrationc2006 a129p. aAn APPPA M.Phil dissertation, 2005-06 (Guide: Prof. Pranab Banerji) aBudget management aFiscal responsibility c493396d493396 00104070aIIPAbIIPAd2018-08-04oAPPPA 2005-06 NIG/32pGR17687r2018-08-04w2018-08-04yGR